[Event "Match"]
[Site "www.echecsemail.com"]
[Date "2018.03.08"]
[Round "1"]
[White "Ketchuplover"]
[Black "Cal"]
[WhiteElo "1960"]
[BlackElo "1580"]
[Result "1-0"]
[Round "1"]
1.g3 e5
2.Bf1g2 d5
3.d3 h6
4.Ng1f3 Ng8f6
5.Nf3xe5 Bf8d6
6.Ne5f3 Bc8e6
7.O-O O-O
8.Rf1e1 a6
9.e4 dxe4
10.dxe4 Bd6e7
11.Qd1xd8 Rf8xd8
12.Nb1c3 Nb8c6
13.a3 Be6g4
14.Bc1e3 Bg4xf3
15.Bg2xf3 Nc6e5
16.Bf3e2 b5
17.Ra1d1 c5
18.f4 Ne5g6
19.Be2f3 Rd8xd1
20.Re1xd1 h5
21.h3 h4
22.g4 Ra8c8
23.e5 Nf6e8
24.Bf3b7 Rc8c7
25.Bb7xa6 Rc7c6
26.Ba6xb5 Rc6c8
27.Nc3d5 Ne8c7
28.Nd5xc7 Rc8xc7
29.Rd1d7 Rc7xd7
30.Bb5xd7 c4
31.Bd7b5 Be7d8
32.Bb5xc4 Bd8e7
33.c3 Ng6f8
34.f5 Nf8d7
35.Bc4xf7 Kxf7
36.e6 Ke8
37.exd7 Kxd7
38.Kg2 Kd6
39.Kf3 Kd5
40.b3 Ke5
41.Be3d4 Kd5
42.Bd4xg7 Be7xa3
43.c4 Kc6
44.Bg7f6 Kd6
45.Ke4 Ba3c5
46.Bf6xh4 Bc5b4
47.g5 Bb4c3
48.Bh4g3 Ke7
49.Bg3e5 Bc3xe5
50.Kxe5 { resign }
1-0

[Event "Match"]
[Site "www.echecsemail.com"]
[Date "2018.03.08"]
[Round "1"]
[White "Osvalazo"]
[Black "Billyg"]
[WhiteElo "1810"]
[BlackElo "1770"]
[Result "0-1"]
[Round "1"]
1.e4 e5
2.Bf1c4 Ng8f6
3.Nb1c3 c6
4.Ng1f3 b5
5.Bc4b3 a5
6.a4 b4
7.Nc3e2 Nf6xe4
8.d3 Ne4c5
9.Bb3xf7 Kxf7
10.Nf3g5 Ke8
11.O-O Qd8e7
12.Rf1e1 h6
13.Ng5f3 d6
14.Ne2d4 e4
15.b3 Bc8e6
16.dxe4 Qe7f6
17.e5 dxe5
18.Re1xe5 Qf6g6
19.Nd4e2 Nb8d7
20.Ne2f4 Qg6g4
21.Nf4d5 cxd5
22.Qd1xd5 Nd7xe5
23.Qd5xe5 Ra8d8
24.Bc1e3 Bf8d6
25.Qe5b2 Be6d5
26.h3 Qg4g6
27.Nf3h4 Qg6f7
28.Ra1e1 Kf8
29.c4 Nc5d3
30.Qb2e2 Bd5e4
31.Be3b6 Rd8e8
32.Qe2d2 Nd3xe1
33.Qd2xe1 g5
34.Bb6d4 Rh8g8
35.f3 Be4xf3
36.Qe1f2 Qf7f4
37.Nh4xf3 Re8e7
38.c5 Bd6c7
39.Kf1 Ke8
40.c6 Rg8f8
41.Qf2c2 Qf4xd4
42.Qc2g6 Kd8
43.Qg6xh6 Qd4d1
44.Kf2 Re7e2
{ resign }
0-1

[Event "Match"]
[Site "www.echecsemail.com"]
[Date "2018.03.08"]
[Round "1"]
[White "Iko"]
[Black "Sonny1000"]
[WhiteElo "1690"]
[BlackElo "1530"]
[Result "1-0"]
[Round "1"]
1.e4 e5
2.Ng1f3 f6
3.Nf3xe5 Ng8e7
4.Ne5d3 d6
5.Bf1e2 g6
6.O-O b5
7.Nd3f4 g5
8.Be2h5 Kd7
9.Qd1g4 f5
10.exf5 gxf4
11.f6 Kc6
12.fxe7 Qd8xe7
13.Qg4xf4 Rh8g8
14.Bh5f3 d5
15.Nb1c3 Bc8h3
16.Bf3xd5 Kb6
17.Bd5xg8 Qe7g7
18.Bg8d5 Nb8d7
19.Bd5xa8 c6
20.Qf4g3 Bh3g4
21.Qg3e3 Bf8c5
22.Qe3e4 Nd7e5
23.d4 Bc5d6
24.dxe5 Bd6xe5
25.Qe4xc6 Ka5
26.Qc6xb5 { resign }
1-0

[Event "Match"]
[Site "www.echecsemail.com"]
[Date "2018.03.08"]
[Round "1"]
[White "Fegatux"]
[Black "Guidom"]
[WhiteElo "1499"]
[BlackElo "2080"]
[Result "1-0"]
[Round "1"]
1.e4 e5
2.Ng1f3 Nb8c6
3.Bf1b5 a6
4.Bb5xc6 dxc6
5.O-O Bc8g4
6.h3 Bg4xf3
7.Qd1xf3 Qd8f6
8.Qf3xf6 Ng8xf6
9.d3 Bf8c5
10.Bc1g5 Nf6d7
11.Nb1d2 f6
12.Bg5e3 Bc5xe3
13.fxe3 O-O-O
14.Rf1f5 Nd7c5
15.Nd2c4 Nc5e6
16.Kf2 c5
17.Ke2 b5
18.Nc4a5 Rd8d6
19.a4 b4
20.Na5c4 Rd6d7
21.a5 Rh8d8
22.h4 h6
23.g4 Kb7
24.Rf5f1 Rd8h8
25.Ra1c1 h5
26.g5 fxg5
27.Nc4xe5 Rd7d6
28.Ne5f7 Rh8e8
29.Nf7xd6 cxd6
30.hxg5 Ne6xg5
31.Rf1f5 Re8e5
32.Rf5xe5 dxe5
33.Rc1g1 Ng5e6
34.Rg1g6 Ne6d8
35.Rg6xg7 Kb8
36.Rg7g5 Nd8c6
37.Rg5xh5 Kc7
38.Rh5h7 Kd6
39.Rh7b7 Nc6xa5
40.Rb7b6 Kd7
41.Rb6xa6 Na5c6
42.c3 bxc3
43.bxc3 Kc7
44.d4 cxd4
45.exd4 exd4
46.Ra6xc6 { resign }
1-0

[Event "Match"]
[Site "www.echecsemail.com"]
[Date "2018.03.08"]
[Round "1"]
[White "Ericleo1980"]
[Black "Stevep84"]
[WhiteElo "2240"]
[BlackElo "2240"]
[Result "0-1"]
[Round "1"]
1.e4 c6
2.d4 d5
3.exd5 cxd5
4.c4 Ng8f6
5.Nb1c3 Nb8c6
6.Bc1g5 Bc8e6
7.c5 h6
8.Bg5xf6 exf6
9.Ng1f3 g5
10.Bf1b5 a6
11.Bb5xc6 bxc6
12.Qd1a4 Qd8c7
13.Qa4c2 Qc7d7
14.O-O Be6f5
15.Qc2e2 Bf8e7
16.Rf1e1 Ra8a7
17.Nc3a4 O-O
18.Na4b6 Qd7b7
19.Nf3d2 Be7d8
20.Nb6a4 Qb7b4
21.b3 Qb4xd4
22.Ra1d1 Ra7e7
23.Nd2f3 Qd4g4
24.Qe2xa6 Bf5e4
25.Re1e3 Rf8e8
26.Kf1 Qg4f4
27.Na4c3 { time. }
0-1

[Event "Match"]
[Site "www.echecsemail.com"]
[Date "2018.03.08"]
[Round "1"]
[White "Lcbunghai"]
[Black "Llord"]
[WhiteElo "2040"]
[BlackElo "2020"]
[Result "1-0"]
[Round "1"]
1.d4 e6
2.c4 d5
3.Ng1f3 Ng8f6
4.e3 Nf6e4
5.Bf1d3 Bf8b4
6.Bc1d2 Ne4xd2
7.Nb1xd2 O-O
8.O-O Nb8c6
9.a3 Bb4xd2
10.Nf3xd2 Qd8f6
11.Ra1c1 e5
12.cxd5 Nc6e7
13.Nd2e4 Qf6b6
14.b4 exd4
15.exd4 Ne7xd5
16.Ne4g3 g6
17.Rc1c4 Bc8e6
18.Rc4c5 Nd5f4
19.Bd3e4 c6
20.Qd1c1 Nf4d5
21.h3 Rf8d8
22.Rf1e1 Ra8c8
23.Ng3e2 Qb6c7
24.Be4f3 b6
25.Rc5c2 Be6f5
26.Rc2d2 Nd5f4
27.Ne2xf4 Qc7xf4
28.Qc1c3 c5
29.bxc5 bxc5
30.d5 c4
31.Rd2d4 Qf4c7
32.Re1c1 Bf5d3
33.Rd4xd3 Qc7d6
34.Rd3d4 Rd8e8
35.Rd4xc4 Rc8xc4
36.Qc3xc4 Qd6xa3
37.Rc1d1 Re8d8
38.Qc4c7 Qa3d6
39.Qc7xa7 Qd6d7
40.Qa7xd7 Rd8xd7
41.d6 Kg7
42.Bf3c6 Rd7d8
43.d7 Kf6
44.Rd1e1 { resign }
1-0

[Event "Match"]
[Site "www.echecsemail.com"]
[Date "2018.03.08"]
[Round "1"]
[White "Begory"]
[Black "Claymil"]
[WhiteElo "1490"]
[BlackElo "2000"]
[Result "0-1"]
[Round "1"]
1.d4 d5
2.Bc1f4 b6
3.Nb1c3 a6
4.e3 Bc8b7
5.Ng1f3 Nb8d7
6.Bf1d3 g6
7.O-O Bf8g7
 { time }
0-1

[Event "Match"]
[Site "www.echecsemail.com"]
[Date "2018.03.08"]
[Round "1"]
[White "Fegatux"]
[Black "Pforjan"]
[WhiteElo "1499"]
[BlackElo "2360"]
[Result "0-1"]
[Round "1"]
1.d4 Ng8f6
2.c4 e5
3.dxe5 Nf6g4
4.Ng1f3 Nb8c6
5.e3 Bf8b4
6.Nb1d2 Ng4xe5
7.a3 Bb4xd2
8.Bc1xd2 d6
9.Bd2c3 Qd8e7
10.Nf3xe5 Nc6xe5
11.Bf1e2 O-O
12.O-O Bc8d7
13.b4 Ra8d8
14.Qd1d4 f5
15.Qd4xa7 Ne5c6
16.Qa7a4 f4
17.Bc3d2 Nc6d4
18.Qa4d1 f3
19.gxf3 Nd4xe2
20.Qd1xe2 Bd7h3
21.Kh1 Bh3xf1
22.Ra1xf1 Qe7f7
23.f4 d5
24.Qe2f3 dxc4
25.Bd2c3 Rd8d3
26.Bc3e5 c6
27.Rf1g1 g6
28.Qf3h5 Qf7d5
29.f3 Rd3d1
30.Qh5g4 Rd1xg1
31.Kxg1 c3
32.e4 Qd5d1
33.Kg2 Qd1d2
34.Kh3 Rf8e8
35.Qg4h4 c2
36.Qh4f6 Qd2d7
37.f5 Re8xe5
38.Qf6xe5 c1Q
{ resign }
0-1

[Event "Match"]
[Site "www.echecsemail.com"]
[Date "2018.03.08"]
[Round "1"]
[White "Ericleo1980"]
[Black "Chapi"]
[WhiteElo "2240"]
[BlackElo "2090"]
[Result "0-1"]
[Round "1"]
1.e4 c5
2.Ng1f3 Nb8c6
3.d4 cxd4
4.Nf3xd4 g6
5.Nb1c3 Bf8g7
6.Bc1e3 Ng8f6
7.Bf1c4 O-O
8.f3 Qd8b6
9.Bc4b3 Nf6xe4
10.Nd4f5 Qb6b4
11.Nf5xg7 Ne4xc3
12.bxc3 Qb4xc3
13.Be3d2 Qc3e5
14.Qd1e2 Qe5xe2
15.Kxe2 Nc6d4
16.Kd3 Nd4xb3
17.cxb3 Kxg7
18.Ra1c1 d5
19.Kd4 e6
20.Rc1c7 b6
21.h4 h5
22.Ke5 Bc8a6
23.Bd2g5 Rf8b8
24.Bg5f6 Kg8
25.g4 Rb8b7
26.Rc7c6 Rb7d7
27.gxh5 Kh7
28.hxg6 Kxg6
29.Rh1g1 Kh6
30.Bf6g7 Kh7
31.Kf6 Ba6d3
32.Rg1g5 { time. }
0-1

[Event "Match"]
[Site "www.echecsemail.com"]
[Date "2018.03.08"]
[Round "1"]
[White "Odd"]
[Black "Llord"]
[WhiteElo "1809"]
[BlackElo "2030"]
[Result "0-1"]
[Round "1"]
1.e4 e5
2.Ng1f3 Nb8c6
3.Bf1c4 Bf8c5
4.c3 Qd8f6
5.Bc4d5 Ng8e7
6.Bd5b3 d6
7.d3 O-O
8.O-O Bc8g4
9.Nb1d2 Ne7g6
10.h3 Bg4xf3
11.Nd2xf3 Ng6h4
12.Nf3g5 h6
13.Qd1h5 Nh4g6
14.Ng5f3 Ng6f4
15.Bc1xf4 Qf6xf4
 { time }
0-1

[Event "Match"]
[Site "www.echecsemail.com"]
[Date "2018.03.08"]
[Round "1"]
[White "Billyg"]
[Black "Begory"]
[WhiteElo "1660"]
[BlackElo "1490"]
[Result "1-0"]
[Round "1"]
1.e4 e5
2.Ng1f3 Nb8c6
3.a3 Ng8f6
4.d4 exd4
5.Nf3xd4 Nf6xe4
6.Qd1e2 Qd8e7
7.Nd4xc6  { time }
1-0

[Event "Match"]
[Site "www.echecsemail.com"]
[Date "2018.03.08"]
[Round "1"]
[White "Gambitmiau"]
[Black "Odd"]
[WhiteElo "1950"]
[BlackElo "1809"]
[Result "1-0"]
[Round "1"]
1.e4 e5
2.d4 c6
3.Ng1f3 d6
4.dxe5 Qd8a5
5.Bc1d2 Qa5b6
6.b3 d5
7.a4 Bf8c5
8.Qd1e2 a5
9.exd5 cxd5
10.Qe2b5 Nb8c6
11.Qb5xb6 Bc5xb6
12.Bf1b5  { time }
1-0

[Event "Match"]
[Site "www.echecsemail.com"]
[Date "2018.03.08"]
[Round "1"]
[White "Pellix84"]
[Black "Odd"]
[WhiteElo "2110"]
[BlackElo "1809"]
[Result "1-0"]
[Round "1"]
1.d4 Ng8f6
2.Ng1f3 g6
3.c4 c5
4.d5 e6
5.Nb1c3 exd5
6.cxd5 Qd8b6
7.e4 d6
8.Bf1e2 Qb6b4
9.Qd1c2 Bc8d7
10.O-O Bf8g7
11.Bc1e3 O-O
12.a3 Qb4b6
13.b4 Qb6c7
14.bxc5 dxc5
15.h3 Nf6e8
16.Ra1d1 Qc7c8
17.e5 a6
18.Be3f4 c4
19.Rf1e1 Qc8c5
20.Qc2b2 b5
21.Nf3h2 Bd7f5
22.Nh2g4  { time }
1-0

[Event "Match"]
[Site "www.echecsemail.com"]
[Date "2018.03.08"]
[Round "1"]
[White "Whitekknight"]
[Black "Fegatux"]
[WhiteElo "1930"]
[BlackElo "1499"]
[Result "0-1"]
[Round "1"]
1.d4 Ng8f6
2.Ng1f3 d6
3.c4 Bc8g4
4.Qd1b3 Qd8c8
5.h3 Bg4h5
6.Bc1g5 Nb8d7
7.Nb1d2 h6
8.Bg5h4 e6
9.e3 g5
10.Bh4g3 Bh5g6
11.Bf1e2 Bf8g7
12.Be2d3 Bg6xd3
13.Qb3xd3 Nd7f8
14.O-O Nf8g6
15.Ra1c1 O-O
16.Nd2e4 Qc8d8
17.b3 Rf8e8
18.d5 exd5
19.Ne4xf6 Qd8xf6
20.Rf1e1 dxc4
21.Qd3xc4 Ra8c8
22.Nf3d2 Ng6e5
23.Qc4e2 a6
24.Nd2f1 Qf6g6
25.Kh1 Ne5d3
26.Rc1d1 Nd3xe1
27.Qe2xe1 Qg6c2
28.Rd1d2 Bg7c3
29.Rd2xc2 Bc3xe1
30.Nf1h2 Be1b4
31.Nh2f3 Bb4c5
32.Nf3e1 b5
33.Ne1d3 Bc5xe3
34.Nd3b4 Be3f4
35.Bg3xf4 gxf4
36.Nb4xa6 c5
37.b4 c4
38.Kg1 Rc8c6
{ resign }
0-1

[Event "Match"]
[Site "www.echecsemail.com"]
[Date "2018.03.08"]
[Round "1"]
[White "Bojan"]
[Black "Odd"]
[WhiteElo "1900"]
[BlackElo "1809"]
[Result "1-0"]
[Round "1"]
1.e4 e5
2.Bf1c4 Ng8f6
3.Qd1f3 c6
4.b3 d5
5.exd5 cxd5
6.Bc4e2 e4
7.Qf3c3 d4
8.Be2b5 Bc8d7
9.Bb5xd7 Qd8xd7
10.Qc3c4 b5
11.Qc4f1 Bf8c5
12.a3 Qd7b7
13.f3 O-O
14.fxe4 Qb7xe4
15.Kd1 Nb8c6
16.d3 Qe4e6
17.Nb1d2 Rf8e8
18.Bc1b2 Nf6d5
19.Qf1f2 Nd5e3
20.Kc1 Ne3g4
21.Qf2e2 Qe6h6
22.Qe2d1 Ng4f2
23.Qd1f1 Nf2xh1
24.Ng1f3 Re8e7
25.Qf1xh1 Ra8e8
26.b4 Qh6e3
27.c3 Qe3xd3
28.cxd4 Bc5xd4
29.Ra1a2 Bd4e3
30.Bb2a1 Nc6d4
31.Qh1d1 Re8c8
32.Kb2 Rc8c2
33.Kb1  { time }
1-0

[Event "Match"]
[Site "www.echecsemail.com"]
[Date "2018.03.08"]
[Round "1"]
[White "Caspito"]
[Black "Odd"]
[WhiteElo "1970"]
[BlackElo "1809"]
[Result "1-0"]
[Round "1"]
1.e4 g5
2.e5 e6
3.d4 d6
4.Ng1f3 h6
5.Nb1c3 a6
6.g4 Bf8g7
7.Bc1e3 Bc8d7
8.Qd1d3 Ng8e7
9.h4 Bd7c6
10.Bf1g2 dxe5
11.dxe5 Nb8d7
12.O-O-O Qd8b8
13.Be3d4 Ne7g6
14.hxg5 hxg5
15.Rh1xh8 Bg7xh8
16.Rd1g1 Bc6xf3
17.Qd3xf3 c6
18.Rg1h1 Nd7xe5
19.Qf3g3 f6
20.Rh1h7 Qb8d6
21.Bd4xe5 Qd6xe5
22.Qg3xe5 fxe5
23.Rh7xb7 Ng6f4
24.Bg2xc6 Kf8
25.Rb7h7 Kg8
26.Bc6xa8 Kxh7
27.Ba8e4 Kh6
28.b4 Nf4h3
29.f3 Bh8f6
30.Nc3a4 Bf6e7
31.Na4c5 a5
32.a3 Nh3f4
33.Nc5d3 Nf4e2
34.Kb2 axb4
35.a4 Be7d6
36.a5 Ne2c3
37.Kb3 Nc3b5
38.Nd3xb4 Bd6c7
39.a6 Bc7b6
40.Nb4c6 Nb5d4
41.Kc4 Nd4xc6
42.Be4xc6 Kg7
43.Kb5 Bb6a7
44.c4 Kf7
45.Bc6b7 Ke7
46.Kc6 Ba7d4
47.Kc7 Kf6
48.Kd6 Bd4a7
49.c5 Ba7b8
50.Kd7 e4
51.Bb7xe4 Ke5
52.c6 Kd4
53.c7 Bb8xc7
54.Kxc7 e5
55.a7  { time }
1-0

[Event "Match"]
[Site "www.echecsemail.com"]
[Date "2018.03.08"]
[Round "1"]
[White "Odd"]
[Black "Fangshuo"]
[WhiteElo "1809"]
[BlackElo "2050"]
[Result "0-1"]
[Round "1"]
1.Ng1f3 e6
2.d4 d5
3.Nb1c3 Bf8b4
4.Bc1f4 Bb4xc3
5.bxc3 Ng8f6
6.e3 Nf6e4
7.Qd1d3 b6
8.h4 Bc8a6
9.Qd3d1 Ba6xf1
10.Rh1xf1 Ne4xc3
11.Qd1c1 Nb8d7
12.Qc1a3 Nc3e4
13.Nf3e5 Nd7xe5
14.Bf4xe5 f6
15.Be5h2 Kf7
16.f3 Ne4d6
17.Ra1b1 Nd6c4
18.Qa3c3 f5
19.g3 Rh8f8
20.e4 fxe4
21.fxe4 Kg8
22.exd5 exd5
 { time }
0-1

[Event "Match"]
[Site "www.echecsemail.com"]
[Date "2018.03.08"]
[Round "1"]
[White "Odd"]
[Black "Chapi"]
[WhiteElo "1809"]
[BlackElo "2080"]
[Result "0-1"]
[Round "1"]
1.Ng1f3 d5
2.d4 c5
3.Bc1d2 Nb8c6
4.dxc5 a5
5.a3 e5
6.e3 e4
7.Nf3d4 Bf8xc5
8.Bf1b5 Ng8e7
9.Bd2c3 O-O
10.Nd4xc6 bxc6
11.Bb5e2 Ne7f5
12.Bc3d4 Bc5xd4
13.exd4 Qd8b6
14.c3 Qb6xb2
15.Nb1d2 Qb2xc3
16.Ra1c1 Qc3xa3
17.O-O Nf5xd4
18.Nd2b1 Nd4xe2
19.Qd1xe2 Qa3d6
20.f3 exf3
21.Rf1xf3 Bc8g4
22.Nb1d2 Bg4xf3
23.Qe2xf3 c5
24.Nd2b3 c4
25.Nb3d4 Qd6c5
26.Qf3d1 Rf8e8
27.Kf1 Re8e4
28.Nd4f3 d4
 { time }
0-1

[Event "1/128 Finale"]
[Site "www.chess-mail.com"]
[Date "2018.03.08"]
[Round "1"]
[White "Odd"]
[Black "Mitja"]
[WhiteElo "1809"]
[BlackElo "2090"]
[Result "0-1"]
[Round "1"]
1.e3 d5
2.d4 e6
3.a3 Ng8f6
4.g3 c6
5.b4 Bf8e7
6.c4 dxc4
7.Bf1xc4 Nb8d7
8.Nb1c3 Nd7b6
9.Bc4d3 Nf6d5
10.Nc3a2 h6
11.Bc1b2 Nd5f6
12.Qd1c2 Nb6d7
13.Ng1e2 a6
14.Na2c3 b5
15.Ne2f4 Bc8b7
16.Nc3e4 Nf6xe4
17.Bd3xe4 Ra8c8
18.Ra1c1 O-O
19.Nf4h5 Nd7f6
20.Nh5xf6 Be7xf6
21.f4 Qd8d7
22.f5 c5
23.bxc5 Bb7xe4
24.Qc2xe4 exf5
25.Qe4f4 Bf6g5
26.Qf4f3 Rf8e8
27.Kf2 Bg5xe3
28.Kg2 Be3xc1
29.Rh1xc1 Qd7e6
30.Rc1c2 Qe6c6
31.d5 Qc6g6
32.Qf3c3 f4
33.Kh1 fxg3
34.Rc2g2 Qg6f6
35.Qc3xg3 Qf6g5
36.Qg3c3 Rc8xc5
37.Qc3xc5 Re8e1
38.Rg2g1 Re1xg1
39.Qc5xg1 Qg5xd5
40.Qg1g2 Qd5xg2
41.Kxg2 g5
42.Bb2f6 Kh7
43.Kg3 Kg6
44.Bf6e7 f5
45.h3 f4
46.Kf3 Kf5
47.Be7c5 h5
48.Bc5f2 g4
49.hxg4 hxg4
50.Kg2 g3
51.Bf2c5 Kg4
52.Bc5d6 f3
53.Kf1 Kh3
54.Bd6c5 Kh2
55.Bc5g1 Kh3
56.Bg1d4 Kg4
57.Kg1 Kf4
58.Bd4c5 Kg4
59.Bc5d4 Kh3
60.Bd4c5 a5
61.Bc5b6 b4
62.a4 b3
63.Bb6d4 f2
64.Kf1 Kh2
65.Bd4e5 b2
66.Be5xb2 g2
67.Kxf2 g1Q
 { time }
0-1

[Event "Fast Game"]
[Site "www.echecsemail.com"]
[Date "2018.03.08"]
[Round "1"]
[White "Pellix84"]
[Black "Fegatux"]
[WhiteElo "1580"]
[BlackElo "1599"]
[Result "1/2-1/2"]
[Round "1"]
1.d4 d6
2.c4 e5
3.dxe5 dxe5
4.Qd1xd8 Kxd8
5.f4 e4
6.Nb1c3 f5
7.b3 Bf8b4
8.Bc1b2 c6
9.a3 Bb4f8
10.Ng1h3 h6
11.Nh3f2 Ng8f6
12.e3 Bf8c5
13.Ke2 Rh8g8
14.g4 Bc8e6
15.h3 Nb8d7
16.Bf1g2 Kc7
17.Ra1d1 g5
18.gxf5 Be6xf5
19.Nc3xe4 Bf5xe4
20.Bg2xe4 Nf6xe4
21.Nf2xe4 Bc5e7
22.Rh1g1 gxf4
23.Rg1g7 Rg8xg7
24.Bb2xg7 fxe3
25.Bg7xh6 Ra8h8
26.Bh6f4 Kd8
27.Rd1h1 Be7xa3
28.Bf4xe3 a5
29.h4 Rh8e8
30.Ne4g3 Ba3c5
31.Ng3f1 Bc5xe3
32.Nf1xe3 Nd7c5
33.Rh1b1 Re8e4
34.b4 axb4
35.Rb1xb4 Re4xh4
36.Ne3f5 Rh4e4
37.Kf3 Kc7
38.Rb4xb7 Kxb7
39.Nf5d6 Kb6
40.Nd6xe4 Nc5xe4
41.Kxe4 Ka5
42.Ke5 { draw }
1/2-1/2

[Event "Fast Game"]
[Site "www.echecsemail.com"]
[Date "2018.03.08"]
[Round "1"]
[White "Fegatux"]
[Black "Fabos12"]
[WhiteElo "1599"]
[BlackElo "1780"]
[Result "1-0"]
[Round "1"]
1.d4 e6
2.c4 d5
3.g3 Nb8c6
4.Ng1f3 Bf8b4
5.Nb1c3 h6
6.Bf1g2 Ng8e7
7.O-O Bc8d7
8.a3 Bb4xc3
9.bxc3 a6
10.Ra1b1 Ra8b8
11.Rf1e1 b5
12.Qd1c2  { time }
1-0

[Event "Tourn. n9665"]
[Site "www.chess-mail.com"]
[Date "2018.03.09"]
[Round "1"]
[White "Loper10"]
[Black "Sachpat"]
[WhiteElo "2690"]
[BlackElo "2790"]
[Result "1-0"]
[Round "1"]
1.e4 c5
2.Ng1f3 d6
3.d4 cxd4
4.Nf3xd4 Ng8f6
5.Nb1c3 a6
6.Bc1e3 e5
7.Nd4b3 Bc8e6
8.f3 Bf8e7
9.Qd1d2 O-O
10.O-O-O Nb8d7
11.g4 Qd8c7
12.Kb1 b5
13.g5 Nf6h5
14.Nc3d5 Be6xd5
15.exd5 Nd7b6
16.Nb3a5 Nb6xd5
17.Qd2xd5 Qc7xa5
18.c4 Ra8b8
19.Bf1d3 Qa5d8
20.cxb5 axb5
21.f4 g6
22.h4 exf4
23.Be3a7 Rb8c8
24.Ba7f2 Qd8a5
25.Rh1e1 Be7d8
26.Qd5xd6 Bd8c7
27.Qd6c6 b4
28.Bd3a6 Rc8a8
29.Ba6c4 Qa5f5
30.Ka1 Rf8c8
31.Bc4b3 Bc7e5
32.Qc6d5 Ra8a5
33.Re1xe5 Ra5xd5
34.Re5xd5 Qf5g4
35.Rd5d8 Kg7
36.a4 bxa3
37.Rd1d7 axb2
38.Kb1 Qg4f5
39.Kxb2 { resign }
1-0

[Event "Tourn. n9700"]
[Site "www.chess-mail.com"]
[Date "2018.03.09"]
[Round "1"]
[White "Hundegana"]
[Black "Fabos12"]
[WhiteElo "2010"]
[BlackElo "2000"]
[Result "0-1"]
[Round "1"]
1.e4 e6
2.f4 d5
3.e5 c5
4.c4 d4
5.d3 Bc8d7
6.g3 f6
7.exf6 Ng8xf6
8.Bf1g2 Nb8c6
9.a3 Bf8e7
10.Ng1f3 Qd8c7
11.Nb1d2 O-O-O
12.h3 Rd8e8
13.O-O e5
14.fxe5 Nc6xe5
15.Nf3xe5 Qc7xe5
16.Qd1b3 b6
17.Nd2f3 Qe5h5
18.Kh2 Be7d6
19.Nf3h4 Qh5xh4
20.Bc1f4 Bd6xf4
21.Rf1xf4 Qh4h6
22.a4 Nf6g4
23.Rf4xg4 Bd7xg4
24.a5 Re8e2
25.h4 Re2xg2
26.Kxg2 Qh6d2
27.Kg1 Bg4h3
28.Qb3d1 Qd2g2

0-1

[Event "Tourn. n9762"]
[Site "www.chess-mail.com"]
[Date "2018.03.09"]
[Round "1"]
[White "Fegatux"]
[Black "Fantomas"]
[WhiteElo "2099"]
[BlackElo "2300"]
[Result "1-0"]
[Round "1"]
1.d4 d5
2.c4 e6
3.g3 Ng8f6
4.Ng1f3 Bf8e7
5.Bf1g2 O-O
6.O-O c6
7.Qd1c2 Nb8a6
8.a3 Na6c7
9.Bc1f4 dxc4
10.Qc2xc4 Nc7d5
11.Bf4g5 h6
12.Bg5xf6 Nd5xf6
13.Nb1c3 Nf6e8
14.e4 Ne8c7
15.Rf1d1 Be7f6
16.Ra1c1 Bc8d7
17.b4 a6
18.Qc4b3 Qd8e8
19.Nc3a4 Nc7b5
20.Na4b6 Ra8d8
21.Nb6c4 Bf6e7
22.Nc4b6 Nb5c7
23.Nf3e5 Bd7c8
24.Bg2f1 Be7d6
25.Ne5c4 Bd6e7
26.Nc4a5 Nc7b5
27.Qb3b2 Bc8d7
28.Na5xb7 Rd8b8
29.Nb6xd7 Qe8xd7
30.Nb7c5 Qd7a7
31.Bf1g2 Rf8c8
32.Nc5b3 Qa7d7
33.a4 Nb5d6
34.Nb3c5 Qd7a7
35.Qb2c3 Nd6e8
36.e5 Rc8c7
37.Rc1b1 Rb8b6
38.a5 Rb6b8
39.Bg2f1 Be7xc5
40.Qc3xc5 Qa7xc5
41.bxc5 Rc7b7
42.Rb1b6 Ne8c7
43.Rb6xc6 Rb7a7
44.Rc6b6 Rb8d8
45.c6 Rd8c8
46.Rb6b7 Ra7a8
47.Bf1g2 f6
48.f4 Nc7d5
49.Bg2xd5 exd5
50.Rd1c1 { resign }
1-0

[Event "Tourn. n9760"]
[Site "www.chess-mail.com"]
[Date "2018.03.09"]
[Round "1"]
[White "Reda"]
[Black "Gilliere"]
[WhiteElo "1969"]
[BlackElo "2040"]
[Result "0-1"]
[Round "1"]
1.d4 Ng8f6
2.Bc1f4 c5
3.dxc5 e6
4.Bf4d6 Nb8a6
5.Bd6xf8 Rh8xf8
6.Nb1c3 Na6xc5
7.Ng1f3 Qd8b6
8.Ra1b1 d5
9.e3 Bc8d7
10.Bf1d3 Nc5xd3
11.Qd1xd3 g6
12.O-O a6
13.Rf1e1 Bd7b5
14.Qd3d4 Qb6xd4
15.exd4 Bb5c6
16.a3 O-O-O
17.Nf3e5 h5
18.h4 Kc7
19.g3 b5
20.Re1e2 Bc6b7
21.Re2e3 Nf6d7
22.Ne5d3 Nd7b6
23.Re3f3 Nb6c4
24.b3 Nc4d2
25.Rf3f4 Nd2xb1
26.Nc3xb1 Kd6
27.Nd3e5 Ke7
28.Nb1d2 Rd8c8
29.Kf1 Rc8xc2
30.Ke2 Rc2a2
31.Ne5d3 Ra2xa3
32.f3 f6
33.Nd3c5 Bb7c8
34.g4 g5
35.hxg5 fxg5
36.Rf4xf8 Kxf8
37.gxh5 Kg7
38.Nd2f1 Kh6
39.Nf1g3 Ra3a2
40.Ke3 Ra2g2
{ resign }
0-1

[Event "Tourn. n9729"]
[Site "www.chess-mail.com"]
[Date "2018.03.09"]
[Round "1"]
[White "Gegonz"]
[Black "Begory"]
[WhiteElo "1610"]
[BlackElo "1510"]
[Result "1-0"]
[Round "1"]
1.Ng1f3 d5
2.e3 Ng8f6
3.d4 Bc8f5
4.c4 e6
5.Nb1c3 Bf8b4
6.Qd1a4 c6
7.Qa4xb4 b6
8.Bf1e2  { time }
1-0

[Event "Tourn. n9683"]
[Site "www.chess-mail.com"]
[Date "2018.03.09"]
[Round "1"]
[White "Prize64"]
[Black "Ssharp"]
[WhiteElo "2120"]
[BlackElo "2300"]
[Result "1-0"]
[Round "1"]
1.e4 e6
2.d4 d5
3.Nb1d2 c5
4.Ng1f3 Ng8f6
5.e5 Nf6d7
6.c3 Nb8c6
7.Bf1d3 cxd4
8.cxd4 Bf8e7
9.O-O O-O
10.Rf1e1 f5
11.exf6 Nd7xf6
12.Nd2b3 h6
13.Nf3e5 Nc6xe5
14.dxe5 Nf6d7
15.Qd1h5 Qd8e8
16.Bd3g6 Qe8d8
17.Bc1xh6 gxh6
18.Qh5xh6 Rf8f7
19.Bg6xf7 Kxf7
20.Re1e3 Nd7xe5
21.Re3xe5 Be7f6
22.Qh6h7 Ke8
23.Qh7g8 { resign }
1-0

[Event "Tourn. n9737"]
[Site "www.chess-mail.com"]
[Date "2018.03.09"]
[Round "1"]
[White "Hansen"]
[Black "Begory"]
[WhiteElo "1520"]
[BlackElo "1470"]
[Result "1-0"]
[Round "1"]
1.e4 e5
2.d4 exd4
3.Qd1xd4 Nb8c6
4.Qd4c3 d5
5.Bf1b5 Bc8d7
6.h3 dxe4
7.Bb5xc6 Bd7xc6
8.Qc3e5 Qd8e7
9.Qe5f4  { time }
1-0

[Event "Tourn. n9548"]
[Site "www.chess-mail.com"]
[Date "2018.03.09"]
[Round "1"]
[White "Fabos12"]
[Black "Prize64"]
[WhiteElo "1990"]
[BlackElo "1880"]
[Result "0-1"]
[Round "1"]
1.d4 d5
2.Ng1f3 Ng8f6
3.h3 Bc8f5
4.Bc1f4 h6
5.e3 e6
6.Bf1d3 Bf5xd3
7.Qd1xd3 c6
8.c3 Nb8d7
9.Nb1d2 Bf8e7
10.e4 dxe4
11.Nd2xe4 Nf6xe4
12.Qd3xe4 Nd7f6
13.Qe4d3 O-O
14.O-O-O Qd8a5
15.Kb1 Ra8c8
16.g4 Nf6h7
17.Rh1g1 Nh7g5
18.Nf3xg5 Be7xg5
19.Bf4d6 Rf8d8
20.Bd6b4 Qa5d5
21.c4 Qd5d7
22.Qd3e4 Bg5f6
23.Bb4c3 Qd7c7
24.f4 c5
25.g5 hxg5
26.fxg5 Bf6xd4
27.Bc3xd4 cxd4
28.Rd1xd4 Rd8xd4
29.Qe4xd4 Qc7xc4
30.Qd4xc4 Rc8xc4
31.b3 Rc4c3
32.h4 Rc3h3
33.Rg1g4 Rh3h2
34.a4 Kh7
35.Rg4c4 Kg6
36.Rc4c7 Rh2xh4
37.Rc7xb7 a5
38.Rb7b5 f5
39.gxf6 gxf6
40.Rb5xa5 f5
41.Ra5c5 f4
42.Rc5c2 f3
43.a5 Rh4b4
44.Kb2 Kf5
45.a6 Rb4b6
46.Rc2c5 Kf4
47.Rc5a5 f2
48.Ra5a1 Rb6xa6
49.Ra1xa6 f1Q
50.Ra6xe6 Qf1g2
51.Ka3 Qg2a8
52.Kb2 Kf5
53.Re6e2 Qa8a6
54.Re2f2 Ke4
55.Rf2c2 Qa6f6
56.Ka2 Kd3
57.Rc2g2 Qf6e5
58.Rg2b2 Qe5a5
59.Kb1 Kc3
60.b4 Qa5f5
61.Ka2 Qf5d5
62.Ka1 Qd5d1
63.Ka2 Qd1a4
64.Kb1 Qa4a3
65.Rb2c2 Kxb4
66.Rc2b2 Kc3
67.Rb2c2 Kd3
68.Rc2a2 Qa3b3
69.Ra2b2 Qb3d1
70.Ka2 Kc3
71.Rb2f2 Qd1b3
72.Ka1 Qb3a4
73.Kb1 Qa4e4
74.Ka2 Kb4
75.Rf2b2 Ka4
76.Ka1 Qe4d4
77.Ka2 Qd4d1
78.Rb2b1 Qd1c2
79.Rb1b2 Qc2c3
80.Kb1 Ka3
81.Rb2f2 Qc3e1
{ resign }
0-1

[Event "Tourn. n9762"]
[Site "www.chess-mail.com"]
[Date "2018.03.09"]
[Round "1"]
[White "Reda"]
[Black "Fegatux"]
[WhiteElo "2159"]
[BlackElo "2099"]
[Result "0-1"]
[Round "1"]
1.d4 d6
2.Bc1f4 Ng8f6
3.Nb1c3 c6
4.Ng1f3 Bc8g4
5.Nf3d2 e6
6.h3 Bg4h5
7.g4 Bh5g6
8.Bf1g2 Bf8e7
9.O-O O-O
10.e4 d5
11.e5 Nf6d7
12.Rf1e1 c5
13.Bf4e3 cxd4
14.Be3xd4 Nb8c6
15.Nc3e2 Nd7xe5
16.Bd4xe5 Nc6xe5
17.Ne2f4 Qd8c7
18.Nf4xg6 Ne5xg6
19.c3 Ng6f4
20.Bg2f3 Nf4xh3
21.Kg2 Nh3f4
22.Kh2 Nf4d3
23.Kg2 Nd3xe1
24.Qd1xe1 Be7f6
25.Nd2b1 Qc7b6
26.Qe1d2 d4
27.Nb1a3 dxc3
28.bxc3 Qb6a6
29.Qd2b2 Qa6a4
30.Na3b5 Ra8c8
31.Nb5d6 Rc8xc3
32.Qb2xb7 Rc3xf3
33.Qb7xf3 Bf6xa1
{ resign }
0-1

[Event "Match"]
[Site "www.echecsemail.com"]
[Date "2018.03.09"]
[Round "1"]
[White "Ranjachess"]
[Black "Rindrandria"]
[WhiteElo "1850"]
[BlackElo "1760"]
[Result "1-0"]
[Round "1"]
1.d4 e6
2.a3 a6
3.Nb1c3 c5
4.Ng1f3 c4
5.e4 Qd8b6
6.Bf1xc4 d5
7.exd5 Qb6c7
8.Qd1e2 b5
9.Bc4d3 Bf8e7
10.O-O exd5
11.Nc3xd5 Qc7c6
12.Bd3e4 Qc6b7
13.Nd5f6 Ng8xf6
14.Be4xb7 Bc8xb7
15.c4 Bb7c6
16.d5 Nf6xd5
17.cxd5 Bc6xd5
18.Rf1e1 Bd5e6
19.Nf3d4 O-O
20.Nd4xe6 fxe6
21.Qe2xe6 Rf8f7
22.Bc1f4 Be7f6
23.Ra1d1 Ra8a7
24.Qe6c8 Rf7f8
25.Re1e8 Ra7f7
26.Rd1d8 Bf6xd8
27.Re8xd8 Rf7xf4
28.Qc8xb8 Rf4xf2
29.Rd8xf8 Rf2xf8
30.Qb8b7 Rf8f6
31.g4 Rf6g6
32.h3 h5
33.Qb7d5 Kh7
34.Qd5xh5 Rg6h6
35.Qh5f5 Kh8
36.Qf5d3 a5
37.Kg2 Rh6a6
38.h4 Ra6h6
39.Kg3 b4
40.g5 Rh6c6
41.g6 Rc6xg6
42.Qd3xg6 bxa3
43.bxa3 Kg8
44.h5 Kf8
45.Kf4 a4
46.Ke5 Ke7
47.Qg6xg7 Kd8
48.Kd6 Kc8
49.Qg7c7 
1-0